[Event "Muensterland Regionalliga 1617"]
[Site "Germany"]
[Date "2017.05.13"]
[Round "9.8"]
[White "Schmeing, Walter"]
[Black "Frintrup, Karl Heinz"]
[Result "1-0"]
[WhiteElo "2000"]
[BlackElo "1424"]
[PlyCount "62"]
[EventDate "2016.09.17"]
[EventType "team"]
[EventRounds "9"]
[EventCountry "GER"]
[SourceTitle "EXT 2018"]
[Source "ChessBase"]
[SourceDate "2017.10.13"]
[SourceVersion "1"]
[SourceVersionDate "2017.10.13"]
[SourceQuality "1"]
[WhiteTeam "Suedlohn"]
[BlackTeam "Duelmen"]
[WhiteTeamCountry "GER"]
[BlackTeamCountry "GER"]

1. e4 c5 2. Nf3 Nc6 3. d4 cxd4 4. Nxd4 e6 5. Nc3 a6 6. a3 h6 7. Be2 Bc5 8. Nb3 Ba7 9. Qd3 Qf6 10. Be3 Bxe3 11. Qxe3 Nge7 12. 0-0 0-0 13. f4 e5 14. f5 Nd4 15. Qd3 b5 16. Nxd4 exd4 17. Nd5 Nxd5 18. exd5 d6 19. Rad1 Re8 20. Rf2 Ra7 21. Qxd4 Qxd4 22. Rxd4 Rae7 23. Bd3 f6 24. a4 Re1+ 25. Rf1 Rxf1+ 26. Kxf1 Bd7 27. axb5 Bxb5 28. Bxb5 axb5 29. Rb4 Re5 30. Rxb5 Rxf5+ 31. Ke2 g5 1-0